LEGO Batman: Batman Actor Minifigures by Picture - Statistics

General Stats
  • This quiz has been taken 34 times
  • The average score is 7 of 8
Answer Stats
Picture Answer % Correct
Christian Bale
100%
Michael Keaton
96%
Adam West
93%
Robert Pattinson
89%
Ben Affleck
86%
George Clooney
82%
Val Kilmer
75%
Will Arnett
39%
No matching quizzes found
Score Distribution
Percent of People with Each Score
Percentile by Number Answered
Your Score History
You have not taken this quiz